000 00499nam a22001817a 4500
003 CEME
005 20210628202818.0
008 210118b xxu||||| |||| 00| 0 eng d
020 _a1-84407-136-7
040 _c.
082 _a621.042 QUA
100 _aQuaschning, Volker
_961752
245 _aUnderstanding renewable energy systems
260 _aNEW DELHI
_bVIVA BOOKS
_c2006
300 _aXVIII,272 P
650 _aRENEWABLE ENERGY SOURCES. RENEWABLE ENERGY SYSTEMS
_958654
942 _cBK
_2ddc
999 _c571095
_d571095